Quizzes
Events
Quiz Creation
Community
Videos
Private Events
Remove Ads
Sign In
Join for FREE
Feedback
Dark Mode
Quiz Categories
Sports
Geography
Music
Movies
Television
Just For Fun
Miscellaneous
History
Literature
Language
Science
Gaming
Entertainment
Religion
Holiday
For Kids
Quiz Lab
Recent
Popular Today
Quiz Kudos Today
Editor Picks
Curator Picks
Quizzes by...
Day
Popularity
Type
Ratings
Length
Year
Community
Subscriptions
Recent Discussions
Orange Saloon
Badges
Playlists
Quests
Create
Leaderboards
Showdown
Live 5
Trivia Bingo
Activity
Puzzle Library
Sporcle Events
Private Events
Virtual Trivia
Globe League
Become a Host
Pub Owners
SporcleCon
Opinionation
Our Games
Videos
Blog
Mobile Apps
Partnerships
Remove Ads and Go Orange
Feedback
Gaming
Video Games
Board Games
Card Games
Pokémon
Mario
Nintendo
Minecraft
Console
Toys
Legend of Zelda
Gaming
Video Games
Board Games
Card Games
Pokémon
Mario
Nintendo
Minecraft
Console
Toys
Legend of Zelda
Random Quiz
Search Sporcle
×
Quiz Lab
Quiz Lab
Gaming
Board Games
Type in answers that appear in a list
Type in answers that appear in a list
Classic
Best Score? Go Orange.
Heroes of Might and Magic III Campaigns Stats
Can you name the Heroes of Might and Magic III Campaigns?
By
beren
4m
20 Questions
57 Plays
57 Plays
57 Plays
Comments
Comments
Give Quiz Kudos
Give Quiz Kudos
-
- Ratings
hide this ad
More Info
Replay
Link that replays current quiz
Next Quiz
Link to next quiz in quiz playlist
You Got
0%
They Got
Avg Score
46%
Avg Friend Score
Upgrade to see
Score Distribution
Jump to the score distribution portion of the page
Score
0/20
Timer
04:00
0
Plays Today
Game
Campaign
% Correct
Armageddon's Blade
Armageddon's Blade
84.2%
The Restoration of Erathia
Long Live the Queen
73.7%
The Restoration of Erathia
Long Live the King
68.4%
The Restoration of Erathia
Dungeons and Devils
61.4%
Armageddon's Blade
Dragon's Blood
57.9%
Armageddon's Blade
Dragon Slayer
57.9%
The Restoration of Erathia
Spoils of War
52.6%
Armageddon's Blade
Festival of Life
52.6%
Armageddon's Blade
Playing with Fire
47.4%
Shadow of Death
Birth of a Barbarian
43.9%
Game
Campaign
% Correct
Shadow of Death
Hack and Slash
42.1%
The Restoration of Erathia
Song for the Father
40.4%
Shadow of Death
Elixir of Life
36.8%
Shadow of Death
Unholy Alliance
36.8%
Shadow of Death
Rise of the Necromancer
35.1%
The Restoration of Erathia
Liberation
33.3%
The Restoration of Erathia
Seeds of Discontent
33.3%
Armageddon's Blade
Foolhardy Waywardness
31.6%
Shadow of Death
New Beginnings
21.1%
Shadow of Death
Specter of Power
19.3%
Quiz Playlist
Details
Report
Send in Message
Add To Playlist
More Info:
Guess the names of the campaigns from Heroes of Might and Magic III The Restoration of Erathia, Armageddon's Blade, and Shadow of Death.
Classic:
Type in answers that appear in a list
Quiz Source
Last Updated: Feb 16, 2017
Quiz Scoreboard
CHALLENGE
Sign Up to Join the Scoreboard
Show All
Scores
Hide
Comments
May contain spoilers
Recently Published
Pick 6: Fruits
by JohnFran
Miscellaneous
15s
Click the 1999 NBA Draft
by nibperrychub
Sports
2m
Alphabetical 'K' Countries by Flag Minefield
by ylime102
Geography
3m
More to Explore
Quiz From the Vault
Featured Blog Post
15 Basketball Trivia Facts You Can Be March Mad About
hide this ad
You Might Also Like...
Tags
Board Games Quiz
campaign
Here
magic
Today's Top Quizzes in Gaming
Browse Gaming
hide this ad
Today's Top Quizzes in Board Games
Browse Board Games
Top Contributed Quizzes in Gaming
1
Pokémon Gen IV Logic Puzzle (HARD)
2
Order Genshin Impact characters by release date!
3
HARD Pokemon Logic Puzzle
4
Honkai: Star Rail Technique Names Quiz
5
Genshin Impact Logic Puzzle Quiz
6
Danganronpa Sorting Blitz
7
Pokémon Logic Puzzle (DIFFICULT)
8
Genshin Impact Logic Puzzle Quiz II
9
Animal Crossing Neighbors (Clickable)
10
Overwatch Logic Puzzle
Explore More
Trending Topics
Disney
Marvel
Crossword
Harry Potter
Kpop
NBA
Anime
The Office
Puzzle
NFL
Song
Pokémon
Soccer
Country
WWE
hide this ad
More By:
beren
Quiz
Plays
Rating
Category
Featured
Created
Heroes of Might and Magic III Spells
1,632
4.92
Gaming
Jan 22, 2010
Heroes of Might and Magic III Artifacts
315
5.00
Gaming
Jan 24, 2010
Jackie Chan Adventures Theme Song
117
2.00
Television
Aug 24, 2011
Heroes of Might and Magic III Campaigns
57
5.00
Gaming
Feb 1, 2010
Go to Creator's Profile
Score Distribution
Quiz Creator Spotlight
beren
Follow
Send a Message
Quizzes Created
-
Created Quiz Play Count
-
More By This Creator
Popular Quizzes Today
1
Find the US States - No Outlines Minefield
2
Countries of Asia Without Outlines Minefield
3
Pick 6: Fruits
4
The Countries of the World
5
Alphabetical 'K' Countries by Flag Minefield
6
Find the US States
7
Match the Book to the Film X
8
Click the 1999 NBA Draft
More Gaming Quizzes
Fire Emblem Three Houses Characters not in Heroes yet
Quiz Lab
Trending Quizzes
Pick 6: Harry Potter
Pick 6: Mountains
Pick 6: NFL Teams
Pick 6: Movie Franchises
Pick 6: Golfers
Recently Updated
Women's Final Four Teams by Year
bhenderson79
Presidents Quartet II
eogle
Anything But Clue(do)
eogle
Anything But Oceanian Capitals
eogle
Anything But 7
eogle
Anything But Thing
eogle
Word Ladder: February 29
pecheneg
Song Title Questions
pecheneg
Women's NCAA Tournament #1 Seeds
pecheneg
Celebrity Mug Shots
pecheneg
Trending Topics
Harry Potter
Anime
NBA
Kpop
Marvel
Crossword
Disney
WWE
Soccer
NFL
The Office
Pokémon
Song
Puzzle
Country
Your Account Isn't Verified!
In order to create a playlist on Sporcle, you need to verify the email address you used during registration. Go to your
Sporcle Settings
to finish the process.
Report this User
Report this user for behavior that violates our
Community Guidelines
.
Details:
Send Report
Go to the Sporcle.com Mobile Site →
Comments